|
|
|
|
| LEADER |
00000nam a22000007a 4500 |
| 005 |
20190828133226.0 |
| 007 |
cr|||| |||| |
| 008 |
190828s2019 es |||||s|||| 00||0 spa d |
| 020 |
|
|
|a 978-84-1324-236-1
|
| 035 |
|
|
|a 24231
|
| 040 |
|
|
|a vLex
|
| 090 |
|
|
|c 9309
|d 9309
|
| 100 |
1 |
|
|a Monerri Molina, Beatriz
|
| 245 |
1 |
3 |
|a Las cortes del estatuto real (1834-1836)
|h [Recurso electrn̤ico] /
|c Beatriz Monerri Molina
|
| 256 |
|
|
|a Servicio en ln̕ea
|
| 260 |
|
|
|a Madrid:
|b Dykinson,
|c 2019
|
| 300 |
|
|
|a 1 recurso electrn̤ico
|
| 500 |
|
|
|a El primer ensayo, protagonizado por Cea Bermd︢ez, de mantener el status quo de la monarqua̕ a raz̕ de la muerte de Fernando VII, acab ̤en un rotundo fracaso. La Reina Gobernadora encomend ̤a Martn̕ez de la Rosa, viejo liberal de gran prestigio, reconducir la situacin̤ e intentar aglutinar en torno al trono frente al Pretendiente, no sl̤o los sectores ms̀ inmovilistas y conservadores, sino tambiň a los liberales moderados y exaltados. La salida polt̕ica de Martn̕ez de la Rosa fue el Estatuto Real. Bajo la apariencia de restaurar las antiguas leyes fundamentales de la Monarqua̕, se convocaron Cortes. Se abjuraba del absolutismo para satisfacer a los liberales, pero, al mismo tiempo, la soberana̕ permaneca̕ en manos del monarca. De este modo, Martn̕ez de la Rosa crey ̤haber encontrando a solucin̤ polt̕ica salvadora que vendra̕ acompaąda de un paquete de reformas administrativas, destinadas a modernizar la Monarqua̕. Los acontecimientos bľicos y la presin̤ ejercida por los liberales ms̀ exaltados, acabaron con el proyecto polt̕ico del poeta y polt̕ico granadino. En este libro se hace un estudio institucional de las Cortes que surgieron y desaparecieron bajo el manto del Estatuto Real.
|
| 506 |
1 |
|
|a Disponible solo en los productos indicados
|d vLex Global
|d vLex Global (Academic Edition, excluding Law Schools)
|d vLex Global (U.S. Academic Edition, Law Schools)
|d vLex Global (U.S. Academic Edition, excluding Law Schools)
|d vLex Global (Academic Edition, Law Schools)
|
| 650 |
0 |
4 |
|a Derecho Constitucional
|z Espaą
|
| 650 |
0 |
4 |
|a Derecho Militar
|z Espaą
|
| 740 |
0 |
|
|a vLex Libros (Servicio en ln̕ea)
|
| 856 |
4 |
0 |
|u http://vlex.com/source/cortes-del-estatuto-real-1834-1836--24231
|z Acceso restringido
|
| 942 |
|
|
|c BOOK
|
| 999 |
0 |
|
|a Constitutional Law
|
| 999 |
0 |
|
|a Military Law
|